000 00971nam a2200253Ia 4500
003 OSt
005 20221005103109.0
006 a|||||r|||| 00| 0
007 ta
008 221004b |||||||| |||| 00| 0 hin d
024 _a32386
037 _cTextual
040 _aCRL
_cCRL
_bhin
041 _2hin
_ahin
082 _aO152,1J03:g, L4
100 _aतिवारी, भगवानदास
245 0 _aमीरा की भक्ति और उनकी काव्य साधना का अनुशीलन
246 _aMīrā kī bhakti aur unakī kāvya sādhanā kā anushīlana
260 _aइलाहाबाद
_bसाहित्य भवन प्रा. लिमिटेड भारत
_c1974
300 _a358पृ.
_ccm.
650 _aहिन्दी साहित्य
942 _hO152,1J03:g, L4
_cTEXL
_2cc
999 _c1009429
_d1009429